Marvel Heroes Starting with D (by picture) - Statistics

General Stats
  • This quiz has been taken 97 times
  • The average score is 11 of 18
Answer Stats
Picture Answer % Correct
Daredevil
100%
Deadpool
100%
Doctor Strange
100%
Drax
90%
Domino
76%
Devil Dinosaur
71%
Dazzler
64%
Dagger
63%
Darkhawk
63%
Dum Dum Dugan
63%
Deathlok
56%
Doc Samson
47%
Darwin
43%
Demolition-Man
41%
Dust
39%
Doorman
33%
Dinah Soar
31%
Deathcry
23%
No matching quizzes found
Score Distribution
Percent of People with Each Score
Percentile by Number Answered
Your Score History
You have not taken this quiz